000
00353nam a22001217a 4500
040
_c
HS
082
_a
338
100
_a
ឆាយ គង្គា
245
_a
ការវិភាគគោលនយោបាយកសិកម្ម agricultural policy analysis
260
_a
RUA
_b
ឆាយ គង្គា
_c
2013
300
_a
367p;
942
_c
EK
999
_c
8880
_d
8880